| 000 | 01025cadsa22002175a 4500 | ||
|---|---|---|---|
| 001 | L143637 | ||
| 008 | 080522s2007 xxkad f s 000 0 eng d | ||
| 035 | _a(Sirsi) u143637 | ||
| 041 | 0 | _aeng | |
| 050 | 0 | 4 | _a333.33 $2 18 |
| 110 | 2 |
_aNAI Global _95315 |
|
| 245 | 0 | 0 |
_aInternational property guide 2007 _h[electronic resource] |
| 260 |
_aPrinceton _bNAI Global _c2007 |
||
| 490 | 0 |
_aNAI Global International Property Guide _v2007 |
|
| 520 | _aPresents tables showing international real estate data on acquisition costs, tenant costs and information on landlord and tenant leasing arrangements. Tables show summary data on landlord and tenant rent review arrangements, repairs and maintenance and who is responsible for the insurance. Country by country, region by region breakdown. | ||
| 650 | 2 | 4 | _aNAI GLOBAL INTERNATIONAL PROPERTY GUIDE |
| 651 | 4 | _aInternational | |
| 690 | _aPROPERTY-COMMERCIAL PROPERTY | ||
| 856 | 4 | 0 |
_uhttps://www.naiglobal.com/ _zView the item free of charge at www.naiglobal.com... |
| 942 | _n0 | ||
| 999 |
_c108239 _d108239 |
||